header

Business statistics of the United States (Record no. 65115)

MARC details
000 -LEADER
fixed length control field 01454nam a2200349Ia 4500
245 00 - TITLE STATEMENT
Title Business statistics of the United States
250 ## - EDITION STATEMENT
Edition statement 9th ed., 2004.
260 ## - PUBLICATION, DISTRIBUTION, ETC. (IMPRINT)
Place of publication Lanham, Md. :
Name of publisher Bernan Press,
Year of publication 2004.
300 ## - PHYSICAL DESCRIPTION
Number of Pages xxx, 523 p.
650 #0 - SUBJECT ADDED ENTRY--TOPICAL TERM
Topical Term Commercial statistics.
700 1# - ADDED ENTRY--PERSONAL NAME
Personal name Strawser, Cornelia J.
Personal name Ryan, Mary Meghan.
Personal name Siegal, Mark.
Personal name DeBrandt, Katherine A.
856 40 - ELECTRONIC LOCATION AND ACCESS
Uniform Resource Identifier http://site.ebrary.com/lib/rucke/Doc?id=10052975

No items available.

© 2026 Rongo University
Contact us: librarian | system librarian | Rongo university